000 01063nam0a22003011 4500
001 rc\4991385
005 20250613054454.0
035 _a(NLR Aleph) 008972367
090 _a9132986
_c9132986
100 _a20130430d1965 |||y0rusy50 ca
101 1 _arus
_cund
102 _aRU
105 _aa z |||||
200 1 _aУпрощенный способ получения наибольшей надежности системы
_fГос. ком. по радиоэлектронике
210 _a[Москва]
_cБ. и.
_d1965
215 _a37 с.
_cил.
_d22
225 1 _aПеревод
_v№ 733
300 _aОтпеч. множит. аппаратом
300 _aНа обл. авт. не указан
300 _aПер. из: Proc. of the Eight Nat. Sympos. on Reliab. and Qual. Control, 1962
320 _aБиблиогр.: с. 36-37
333 _aДСП. Экз. № 6
700 1 _aСасаки
_bМ.
_gМасафуми
801 0 _aRU
_bNLR
_gpsbo
801 1 _aRU
_bELAR
_2rusmarc
852 _aNLR
_j65-6/7623
942 _cBOOK
980 _aNB